000
00224nam a2200097 a 4500
005
20200930075726.0
008
120117s1993 000 spa d
245
0
_a
Teatro.
260
_a
Santo Domingo,
_c
1993.
999
_c
35916
_d
35916
040
_a
DO-SdBNP